History of Serbia Quiz - Statistics

General Stats
  • This quiz has been taken 398 times
  • The average score is 11 of 24
Answer Stats
Hint Answer % Correct
Leader of above Karađorđe Petrović
74%
Famous inventor, electrical engineer, mechanical engineer, physicist, and futurist Nikola Tesla
74%
Year of Kosovo battle 1389
67%
Famous philologist and linguist, reformer of the language Vuk Stefanović Karadžić
66%
Serbian Empire had greatest extent during the reign of this ruler (1331-1355) Tsar Stefan Dušan
65%
Cities Ottoman Empire ceded to Serbia in 1867 Belgrade
63%
First ruler from Nemanjić dynasty (1166-1196) Stefan Nemanja
62%
Wars fought against Turkey from 1912 to 1913 Balkan Wars
61%
Famous novelist, poet and short story writer, winner of the Nobel Prize Ivo Andrić
60%
Leader of above, later the Serbian prince Miloš Obrenović
53%
First president of the republic (1991-1997) Slobodan Milošević
50%
Attempt of gaining autonomy in the Ottoman Empire (1804-1813) First Serbian Uprising
47%
Year the latest constitution was proclaimed 2006
45%
Famous writer, philosopher, dramatist, librettist, linguist, traveler, polyglot and the first minister of education Dositej Obradović
44%
Attempt of gaining autonomy in the Ottoman Empire (1815-1817) Second Serbian Uprising
38%
Cities Ottoman Empire ceded to Serbia in 1867 Smederevo
37%
Ancient name of Sremska Mitrovica Sirmium
35%
Date of Archduke Franz Ferdinand's assasination by Gavrilo Princip 28 June 1914
26%
Cities Ottoman Empire ceded to Serbia in 1867 Šabac
23%
Cities Ottoman Empire ceded to Serbia in 1867 Kladovo
16%
First known Serbian ruler (probably 780-814) Prince Višeslav
15%
Name of the country between 1963 and 1990 (under Yugoslavia) Socialist Republic of Serbia
15%
Different name for Serbian army's retreat through Albania (1915) Albanian golgotha
12%
Rebellion held during the Austro-Turkish War (1787-1791) Koča's Frontier Rebellion
2%
No matching quizzes found
Score Distribution
Percent of People with Each Score
Percentile by Number Answered
Your Score History
You have not taken this quiz